000 00716nas a2200229 4500
001 BR7801773
003 BR-BrBNA
005 20231205083410.0
007 ta
008 230509b bl.|||p| |||| 00| 00por d
040 _aBR-BrBNA
_bpor
_cBiblioteca Nacional de Agricultura
041 _a(Pt)
072 _aK20; E30
100 1 _aPandolfo, C.
245 1 _aA estrategia de desenvolvimento da Amazonia [planejamento florestal, desenvolvimento economico, Brasil]
650 _aDESENVOLVIMENTO ECONOMICO
650 _aFLORESTA
650 _aAMAZONIA
773 0 _tSilvicultura (Brazil)
_xISSN 0100-3615
_g(Jan 1977), v. 1(4) p. 17-21
_wBR7801773
909 _a202311
_bLúcia
_c55
_dLúcia Elande
942 _2AGRIS
_n0
_cANA
999 _c98479
_d98479